From A___Z to Z___Z Quiz Stats

 Plays Quiz not verified by Sporcle

Score 0/26 Timer 06:00
0 Plays Today
Clue Answer % Correct
California Bay Area island also know as 'The Rock'Alcatraz
95.9%
Partner to Woody, in the world of PixarBuzz
95.8%
John Kerry's wife is the heir to this pickle and ketchup manufacturing giantHeinz
87.7%
He didn't get top billing on a #1 Hot 100 song until 2009's 'Empire State of Mind'Jay-Z
84.2%
Tactile differentiation of peaches from nectarines.fuzz
82.2%
The 21st most common last name in the US. Just ask George or Jennifer.Lopez
81.3%
It may follow Gee, Math or CheezWhiz
79.7%
November birthstone or a Hitchcock movietopaz
79.6%
Popular travel planning websiteOrbitz
73.9%
Extravagant showiness or ostentation, it is often paired with 'glamor'glitz
72.5%
This potato chip brand is based in PennsylvaniaUtz
70.4%
Last word in the name of the Exxon supertanker that in 1989 caused the largest oil spill to that dateValdez
66.2%
The Spanish version of the female name 'Agnes'Inez
62.3%
Clue Answer % Correct
Frequency measured in 1,000s of cycles per secondkilohertz
62%
French preposition for 'at the house of'chez
60.6%
The entertainment industry as a whole, colloquiallyshowbiz
60%
A short, usually written testquiz
58.6%
None-too-subtle hint that your fly may be undoneXYZ
57%
This brand of candy and its dispensers have been giving out 12 candies from a 'head' since 1927Pez
50.1%
The Korean version of this abbreviated area crosses the 38th parallelDMZ
40.1%
Nickname for Carl who played as number 8 for the Red Sox for his whole careerYaz
34%
Surname of the commander-in-chief of the US Pacific navy in WW2 and namesake of an aircraft carrierNimitz
29.9%
Jason who sang 'I'm Yours'Mraz
26.7%
From the German for 'replacement', a substitute usually of lower qualityersatz
22.7%
In a 1993 contest, Crayola named a shade of crimson this, after 'something impressive but confusing'Razzamatazz
21.1%
1973 sci-fi film starring Sean Connery and directed by John BoormanZardoz
8.7%

You're not logged in!

Compare scores with friends on all Sporcle quizzes.
OR
Log In

Show Comments

Extras

Top Quizzes Today


Score Distribution

Your Account Isn't Verified!

In order to create a playlist on Sporcle, you need to verify the email address you used during registration. Go to your Sporcle Settings to finish the process.

Report this User

Report this user for behavior that violates our Community Guidelines.

Details: